000 00492nam a22001817a 4500
999 _c2753
_d2710
008 181127b ||||| |||| 00| | eng d
020 _a975458754X
041 _atur
050 _aPL248.T622
100 _91251
_aTohumcu, Aslı
245 _ayok bana sensiz hayat : kısa roman
250 _a1.Baskı
260 _aİstanbul
_bTürkiye İş Bankası Yayınları
_cHaziran 2006
300 _a51 Sayfa
500 _aGenel Yayın : 951
650 0 _9145
_aTürk Edebiyatı
942 _2lcc
_cBK